Statistics for Madden Trivia

Click here to take the quiz!

General Stats

  • This quiz has been taken 451 times
  • The average score is 5 of 8

Answer Stats

QuestionAnswer% Correct
What former Oakland Raiders head coach is the game named after?John Madden
98%
Who was the cover athlete for Madden NFL 16?Odell Beckham, Jr.
71%
Who is the cover athlete for Madden NFL 17?Rob Gronkowski
71%
Who was the cover athlete for Madden NFL 15?Richard Sherman
67%
Since 2004, how many times has Madden predicted the Super Bowl winner? (out of 9 Super Bowls)7
66%
Who was the cover athlete for Madden NFL 11?Drew Brees
51%
What year did Madden Ultimate Team (aka MUT) enter the Madden game?2010
48%
What is the most points that a person has ever scored in a game vs the computer in Madden?219
2%

Score Distribution

Percentile by Number Answered

Percent of People with Each Score

Your Score History

You have not taken this quiz